Normal view
MARC view
Entry Personal Name
001 - CONTROL NUMBER
- control field: 59205
003 - CONTROL NUMBER IDENTIFIER
- control field: dpl
005 - DATE AND TIME OF LATEST TRANSACTION
- control field: 20231129143730.0
008 - FIXED-LENGTH DATA ELEMENTS
- fixed length control field: 231129|| aca||aabn | a|a d
040 ## - CATALOGING SOURCE
- Original cataloging agency: dpl
- Transcribing agency: dpl
100 ## - HEADING--PERSONAL NAME
- Personal name: James, Gregory
670 ## - SOURCE DATA FOUND
- Source citation: Work cat.: (dpl)199312: Bharati, Subramania 59204, The Chariot of Wisdom/, 2023
